000 00413nam a22001697a 4500
999 _c11536
_d11536
003 OSt
008 220919b ||||| |||| 00| 0 eng d
020 _a9789351734680
082 _a657 AGC
100 _aAGARWAL, M.L. and GUPTA, K.L.
245 _aCost Accounting
250 _a48th Re. ed.
260 _aAgra
_bSahitya Bhawan Publication
_c2022
300 _a782 p.
650 _aB.Com.
942 _2ddc
_cBK
_09